000 03142cam a2200361 4500500
005 20260322004539.0
041 _afre
042 _adc
100 1 0 _aChassagnac, Chloé
_eauthor
245 0 0 _aL’indicible familial à l’épreuve de l’enquête ethnographique
260 _c2026.
500 _a50
520 _aCet article explore ce que l’ethnographie révèle des dynamiques de secret, de non-dit et de silence dans 30 familles homoparentales en France. Il s’appuie sur une enquête menée de 2016 à 2024 et met en évidence la façon dont ces dimensions s’articulent dans les récits des homoparents et de leurs enfants. Les homoparents adoptent diverses stratégies, telles que l’évitement de sujets sensibles ou un certain contrôle du récit familial, pour protéger leurs enfants de la stigmatisation ou du rejet, parfois de la part de leur propre famille et/ou de l’extérieur. Il leur arrive aussi de dissimuler certains éléments de leur parcours familial. De leur côté, les enfants réinterprètent et se réapproprient leur histoire, ajustant ce qu’ils choisissent de dire ou de taire selon leur entourage et les contextes sociaux dans lesquels ils évoluent. L’ethnographe, en tant que tiers, ouvre un espace de discussion qui permet d’aborder plus librement la famille. L’enquête peut ainsi amener les membres de la famille à énoncer ce qui relève d’ordinaire du secret et de non-dits.
520 _aThis article explores what an ethnographic fieldwork reveals about the dynamics of secrecy, unspoken elements, and silence in 30 same-sex parent families in France. Based on a research conducted between 2016 and 2024, it highlights how these dimensions are woven into the narratives of both same-sex parents and their children. Same-sex parents adopt various strategies—such as avoiding sensitive topics or exerting control over the family narrative—to protect their children from stigma or rejection, sometimes from their own relatives and/or from the broader society. They may also conceal certain aspects of their family trajectory. In turn, children reinterpret and reclaim their family stories, adjusting what they choose to share or withhold depending on their social environment and relationships. The ethnographer, as a third party, opens a space for discussion that allows to address family matters more freely, often leading family members to voice what typically remains secret or unspoken.
690 _aenfance
690 _aethnographie
690 _ahomoparentalités
690 _anon-dit
690 _arécit familial
690 _asecret
690 _asilence
690 _astigmatisation
690 _achildhood
690 _aethnography
690 _afamily narrative
690 _asame-sex families
690 _asecrecy
690 _asilence
690 _astigma
690 _aunspoken
786 0 _nRevue des politiques sociales et familiales | 156 | 1 | 2026-03-10 | p. 65-81 | 2431-4501
856 4 1 _uhttps://shs.cairn.info/revue-revue-des-politiques-sociales-et-familiales-2026-1-page-65?lang=fr&redirect-ssocas=7080
999 _c1741209
_d1741209